Večer rýdzo americký

Bibliographic Details
Main Author: Skřepek, Roman, 1931-2001 (Author)
Corporate Author: Štátna filharmónia Košice (Author)
Format: Article
Language:Slovak
Subjects:

MARC

LEADER 00000nab a2200000 a 4500
001 vtls000923344
003 SK-MaSNL
005 20260305003916.0
008 040720e19960316xo 0 slo
035 |a KE32221 
040 |a KEVKJB  |b slo  |c KEVKJB  |e AACR2 
041 0 |a slo 
044 |a xo  |c SK 
080 |a 78.071  |2 1981 
100 1 |a Skřepek, Roman,  |d 1931-2001  |4 aut  |9 250883 
245 1 0 |a Večer rýdzo americký 
518 |a 7.3.1996 
610 2 7 |a Štátna filharmónia Košice  |2 KEVKJB  |9 56989 
650 0 7 |a koncerty  |2 KEVKJB  |9 19182 
651 7 |a Košice (Slovensko)  |2 KEVKJB  |9 18694 
651 7 |a KE,  |2 KEVKJB  |9 877256 
655 7 |a periodikum  |2 snkbucl  |9 29553 
710 2 |a Štátna filharmónia Košice  |4 aut  |9 56989 
773 0 8 |t Sme  |g Roč. 4, č.64, 16.3.1996 
773 0 8 |i Príl.:  |t Sme na východe.- Roč. 1, č. 18 (16.03.1996), s. 6 
852 |a ZVYKNI  |b KIS3GCP 
999 |c 3233070  |d 3235000